000 00293nam a22001337a 4500
008 170623b xxu||||| |||| 00| 0 eng d
020 _a9780807823361
041 _aeng
080 _a324
100 _a21
101 _aSHP
245 _aTHROUGH A CLASS.DARKLY
_cHOFFMAN.R
942 _2udc
_cBK
999 _c18946
_d18946